000 00949nas a2200289 4500
001 BR0100034
003 BR-BrBNA
005 20231205102007.0
007 ta
008 230509b bl.|||p| |||| 00| 00por d
040 _aBR-BrBNA
_bpor
_cBiblioteca Nacional de Agricultura
041 _a(Pt)
072 _aL72
100 1 _aMarchiori, C.H.
100 1 _aSilva, C.G.
100 1 _aLinhares, A.X.
245 1 _aPrimeira ocorrencia de Triplasta atrocoxalis Ashmead (Hymenoptera: Eucoilidae)em pupas de Cyrtoneurina pararescita Couri (Diptera: Muscidae)em currais de bovinos no Brasil
650 _aEsterco
650 _aGado
650 _aHimenoptero
650 _aControle Biologico
650 _aDiptera
650 _aCurral
773 0 _tArquivo Brasileiro de Medicina Veterinaria e Zootecnia (Brazil)
_xISSN 0102-0935
_g(Feb 2000), v. 52(1) p. 39-40
_wBR0100034
909 _a202311
_bLúcia
_c55
_dLúcia Elande
942 _2AGRIS
_n0
_cANA
999 _c165149
_d165149